The world as will and idea / (Record no. 31659)
[ view plain ]
| 000 -LEADER | |
|---|---|
| fixed length control field | 01197nam a2200289 a 4500 |
| 001 - CONTROL NUMBER | |
| control field | 31659 |
| 003 - CONTROL NUMBER IDENTIFIER | |
| rucl marc code | BD-RjUL |
| 005 - DATE AND TIME OF LATEST TRANSACTION | |
| control field | 20211209051730.0 |
| 008 - FIXED-LENGTH DATA ELEMENTS--GENERAL INFORMATION | |
| fixed length control field | 140421r19641883enka b 001 0 eng d |
| 035 ## - SYSTEM CONTROL NUMBER | |
| System control number | (BD-RjUL)31747 |
| -- | CURL 020000123647(Edi) from rajwc130 |
| System control number | (OCoLC)1806651 |
| 040 ## - CATALOGING SOURCE | |
| Original cataloging agency | LC |
| Language of cataloging | eng |
| Transcribing agency | LC |
| Modifying agency | BD-RjUL |
| 041 1# - LANGUAGE CODE | |
| Language code of text/sound track or separate title | eng |
| Language code of original | ger |
| 082 04 - DEWEY DECIMAL CLASSIFICATION NUMBER | |
| Classification number | 121.4 |
| Edition number | 23 |
| Author mark and year | SCW V-1 1964 |
| 100 1# - MAIN ENTRY--PERSONAL NAME | |
| Personal name | Schopenhauer, Arthur, |
| Dates associated with a name | 1788-1860. |
| 9 (RLIN) | 94560 |
| 245 14 - TITLE STATEMENT | |
| Title | The world as will and idea / |
| Statement of responsibility, etc. | by Arthur Schopenhauer. |
| 260 ## - PUBLICATION, DISTRIBUTION, ETC. (IMPRINT) | |
| Place of publication, distribution, etc. | London : |
| Name of publisher, distributor, etc. | Routledge & Kegan Paul, |
| Date of publication, distribution, etc. | 1883 [Impression 1950, 1957, 1964]. |
| 300 ## - PHYSICAL DESCRIPTION | |
| Pagination | v. ; |
| Size | 22 cm. |
| 504 ## - BIBLIOGRAPHY, ETC. NOTE | |
| Bibliography, etc | Includes bibliographical footnotes and index. |
| 505 0# - FORMATTED CONTENTS NOTE | |
| Formatted contents note | v. 1. Containing four books -- v. 2. Containing the criticism of the Kantian philosophy and the supplements to the first book and part of the second book of volume I -- v. 3. Containing supplements to part of the second book and to the third and fourth books of volume I. |
| 650 #0 - SUBJECT ADDED ENTRY--TOPICAL TERM | |
| Topical term or geographic name as entry element | Idea (Philosophy). |
| 9 (RLIN) | 91627 |
| Topical term or geographic name as entry element | Knowledge, Theory of. |
| 9 (RLIN) | 95032 |
| Topical term or geographic name as entry element | Philosophy, Modern |
| Chronological subdivision | 19th century. |
| 9 (RLIN) | 89034 |
| Topical term or geographic name as entry element | Will. |
| 9 (RLIN) | 95033 |
| 942 ## - ADDED ENTRY ELEMENTS (KOHA) | |
| Source of classification or shelving scheme | Dewey Decimal Classification |
| Koha item type | Books |
| Lost status | Source of classification or shelving scheme | Damaged status | Not for loan | Collection code | Permanent Location | Current Location | Shelving location | Date acquired | Source of acquisition | Total Checkouts | Full call number | Date last seen | Date checked out | Copy number | Koha item type | Cost, normal purchase price |
|---|---|---|---|---|---|---|---|---|---|---|---|---|---|---|---|---|
| Dewey Decimal Classification | Non-fiction | Central Library, University of Rajshahi | Central Library, University of Rajshahi | 10/08/1972 | Paramount Book | 3 | 121.4 SCW V-1 1964 | 03/05/2018 | 18/01/2018 | C-4 | Books | |||||
| Dewey Decimal Classification | Non-fiction | Central Library, University of Rajshahi | Central Library, University of Rajshahi | 10/04/1956 | A. B. C. | 121.4 SCW V-1 1950 | 22/04/2014 | C-2 | Books | 44.11 | ||||||
| Dewey Decimal Classification | Non-fiction | Central Library, University of Rajshahi | Central Library, University of Rajshahi | 16/02/1963 | Zeitlinger | 121.4 SCW V-1 1957 | 23/04/2014 | C-3 | Books | 90.00 | ||||||
| Dewey Decimal Classification | Not For Loan | Non-fiction | Central Library, University of Rajshahi | Central Library, University of Rajshahi | Reading Room | 04/02/1956 | ABC | 121.4 SCW V-1 1950 | 24/04/2014 | C-1 | Books | 44.00 |